LEADER 01342nam a2200325 a 4500 001 000000125482 003 CaOOAMICUS 005 20110527100910.0 008 110527s2010 it u000 u ita r 020 $a978-88-13-29246-1 040 $aPUL$bita 082 04$a346.04 245 03$aLa proprietà immobiliare /$ca cura di Giorgio Grasselli ; con la collaborazione di: Barbara Cotrufo, ... [et al]. 260 $aPadova :$bCEDAM,$c2010. 300 $aXXIII, 1138 p. ;$c25 cm 490 1 $aSapere diritto ;$v14 500 $aInclude indice. 504 $aBibliografia p. [1117]-1133. 650 4$aProprietà immobiliare (Diritto).$0(OLS)http://pul/subject/33647 700 1 $aGrasselli, Giorgio.$0(OLS)http://pul/name/66935 700 1 $aCotrufo, Barbara.$0(OLS)http://pul/name/79445 830 0$aSapere diritto ;$v14.$0(OLS)http://pul/title/137468 850 $aPUL 852 $aPUL$W1$xSL Diritto e Scienze Sociali 3$y79$m348. 45 COLL 3.14$j144524$qDDC 21$B143552$CPULBib$Z2$F143552 $H117292 $82 941 1 $a9 996 $6020$a978-88-13-29246-1$9(OLS)http://pul/number/147340 996 $6082$a346.04$9(OLS)http://pul/classification/1797 996 $6245$aLa proprietà immobiliare$9(OLS)http://pul/title/158230 996 $6260$aPadova :$bCEDAM$9(OLS)http://pul/publisher/48126 LEADER 01443nam a2200289 a 4500 001 000000129371 003 CaOOAMICUS 005 20120620134849.0 008 120620s2012 it o u000 u ita r 040 $aPUL$bita 082 04$a770 245 00$a1981-1990 :$bla caduta: nuovi ascenari e antichi attriti. 246 33$aMilenovecentottantuno-millenovecentonovanta :$bla caduta: nuovi ascenari e antichi attriti 260 $aFirenze :$bE-ducation.it S.p.a.,$c2012$aMilano :$bArnoldo Mondadori,$c2012. 300 $a190 p. :$bfoto. ;$c26 cm. 490 1 $aStoria e fotografia. Un secolo di immagini ;$v8 651 4$aItalia$xStoria$ySec. XX.$0(OLS)http://pul/subject/6333 830 0$aStoria e fotografia. Un secolo di immagini ;$v8.$0(OLS)http://pul/title/162441 850 $aPUL 852 $aPUL$W1$xDP2 Cons. Gen., Altre Classi 3$y97$m770 COLL 1.8$j149846$qDDC 21$B148373$CPULBib$Z2$F148373 $H119706 $82 941 1 $a9 996 $6082$a770$9(OLS)http://pul/classification/2244 996 $6246$aMilenovecentottantuno-millenovecentonovanta :$bla caduta: nuovi ascenari e antichi attriti$9(OLS)http://pul/title/163474 996 $6245$a1981-1990 :$bla caduta: nuovi ascenari e antichi attriti$9(OLS)http://pul/title/163473 996 $6260$aFirenze :$bE-ducation.it S.p.a.$9(OLS)http://pul/publisher/81559 996 $6260$aMilano :$bArnoldo Mondadori$9(OLS)http://pul/publisher/60431